000 00573nam a2200205Ia 4500
005 20250923144821.0
008 008 250917s9999 xx 000 0 eng d
037 _aTextual
040 _aDSWL
_beng
_cDSWL
041 _aeng
_2eng
084 _aY14-5.73z7, K1
_qDSWL
100 _aReiss, A.J.
_9828713
245 0 _aOccupation and social status
_cby A.J. Reiss
260 _a Glencoe
_bFreePress of Glenoe
_c1961
300 _avii,305p.
365 _aUSD
_b6
925 _g6
942 _cTEXL
_hY14-5.73z7, K1
999 _c1443715
_d1443715